Les héros chez qui les élèves de la Seconde A ont fait leur stage(MHA) - Statistiques

Statistiques générales
  • Ce quiz a été pris 69 fois
  • Le résultat moyen est 4 sur 12
Statistiques - réponses
Elève (Nom de héros) Héros chez qui il a fait son stage % Correct
Shoto Todoroki (Shoto) Endeavor
95%
Katsuki Bakugo (Dynamight) Best Jeanist
70%
Fumikage Tokoyami (Tsukuyomi) Hawks
68%
Ochaco Uraraka (Uravity) Gun Head
40%
Tenya Iida (Ingenium) Manual
40%
Minoru Mineta (Grape Juice) Mount Lady
39%
Izuku Midoriya (Deku) Sir Nighteye
33%
Tsuyu Asui (Froppy) Selkie
18%
Eijiro Kirishima (Red Riot) Fourth Kind
16%
Momo Yaoyorozu (Creaty) Uwabami
5%
Kyoka Jiro (Earphone Jack) Death Arms
0%
Yuga Aoyama (Can't stop twinkling) Yoroi Musha
0%
Aucun quiz correspondant
Distribution des résultats
% des personnes avec chaque résultat
Percentile par nombre de réponses
Votre historique - résultats
Vous n’avez pas pris ce quiz